Les plus grandes villes d'Égypte - Statistiques

Statistiques générales
  • Ce quiz a été pris 355 fois
  • Le résultat moyen est 4 sur 10
Statistiques - réponses
Population Villes % Correct
24,4 M Le Caire
100%
5,3 M Alexandrie
91%
760 000 Port Saïd
43%
750 000 Suez
38%
1,3 M Luxor
24%
800 000 Ismaïl
16%
440 000 Tanta
14%
1,5 M Damiette
13%
630 000 Mansourah
13%
535 000 El-Mahalla
5%
Aucun quiz correspondant
Distribution des résultats
% des personnes avec chaque résultat
Percentile par nombre de réponses
Votre historique - résultats
Vous n’avez pas pris ce quiz